LIBRARY & INFORMATION CENTRE, KCAET, TAVANUR

ONLINE PUBLIC ACCESS CATALOGUE (OPAC)

Microbiology And Nanobiology: Advancing Frontiers (Record no. 14239)

MARC details
000 -LEADER
fixed length control field 00434nam a22001337a 4500
020 ## - INTERNATIONAL STANDARD BOOK NUMBER
ISBN 9788170356455
082 ## - DEWEY DECIMAL CLASSIFICATION NUMBER
Classification number 576
Item number KUM/MI
100 ## - MAIN ENTRY--AUTHOR NAME
Personal name Kumar, H.D
245 ## - TITLE STATEMENT
Title Microbiology And Nanobiology: Advancing Frontiers
250 ## - EDITION STATEMENT
Edition statement 1
260 ## - PUBLICATION, DISTRIBUTION, ETC. (IMPRINT)
Place of publication Delhi
Name of publisher Daya Publishing House
Year of publication 2010
300 ## - PHYSICAL DESCRIPTION
Number of Pages 381
942 ## - ADDED ENTRY ELEMENTS (KOHA)
Koha item type Books
Holdings
Withdrawn status Lost status Damaged status Collection code Home library Current library Shelving location Date acquired Source of acquisition Cost, normal purchase price Full call number Accession Number Koha item type
        KAUAET KAUAET General Stacks 08/06/2016 Universal Research Books, Thrissur 1350.00 576 KUM/MI 24299 Books
free website counter